Entry Personal Name
Number of records used in: 1
001 - CONTROL NUMBER
003 - CONTROL NUMBER IDENTIFIER
005 - DATE AND TIME OF LATEST TRANSACTION
- control field:
20240902120026.0
008 - FIXED-LENGTH DATA ELEMENTS
- fixed length control field:
240902|| aca||aabn | a|a d
040 ## - CATALOGING SOURCE
- Original cataloging agency:
JRU
- Transcribing agency:
JRU
100 ## - HEADING--PERSONAL NAME
- Personal name:
BUCKINGHAM, LELA
670 ## - SOURCE DATA FOUND
- Source citation:
Work cat.: (JRU)8632: BUCKINGHAM, LELA, FUNDAMENTAL LABORATORY MATHEMATICS: REQUIRED CALCULATION FOR THE MEDICAL LABORATORY PROFESSIONAL , 2014